| 000 | 00752cam a22002777c 4500 | ||
|---|---|---|---|
| 001 | 5075 | ||
| 003 | DO-SdBNP | ||
| 005 | 20180206155154.0 | ||
| 007 | 5075 | ||
| 008 | 110627s1993 sp a |||| 000 1 eng | ||
| 020 | _a0486275590 | ||
| 035 | _a | ||
| 040 |
_aBPMSU _bspa _cBPMSU _e |
||
| 080 | _a | ||
| 100 | 1 |
_aStevenson, Robert Louis _d1850-1894 |
|
| 245 | 1 | 0 |
_aTreasure island / _h _cRobert Louis Stevenson ; edición Dover Thtift |
| 250 | _a | ||
| 260 |
_aEstados Unidos : _b Dover Thtift, _c1993 |
||
| 300 |
_a151 p.: _bil. ; _c21 cm _e |
||
| 490 | 0 | _a | |
| 650 | 7 |
_aLengua inglesa _vLecturas _2 |
|
| 700 | 1 |
_a _d _t |
|
| 942 |
_2ddc _cBK |
||
| 945 | _aInventariado, 2018 / BT | ||
| 956 |
_a VMATEO _210 _320160523 _6BPMSU _80069 |
||
| 999 |
_c10192 _d10192 |
||